00882nam a2200205 a 4500001001000000005001700010008004100027020001500068050002100083100002200104245020500126260007200331300004200403500005100445504003100496600004300527610005400570650003100624700002100655BRCA_142020190320203423.0880617s1989 nyua---##b---#001-0#eng-# a0890131937 4aNK607b.G53 19891 aGlassie, Henry H.10aThe Spirit of Folk Artbthe Girard Collection at the Museum of International Folk ArtcHenry Glassie ; color photography by Michel Monteaux ; black-and-white photography and drawings by Henry Glassie. aNueva YorkbHarry N. Abrams : Santa Fe : Museum of New Mexicoc1989 a276 p.bil. (algunas a color)c27 cm. aIncluye índice alfabético de ilustraciones aBibliografía: p. 265-26914aGirard, AlexanderxColecciones de arte24aMuseo Internacional de Arte PopularvExposiciones14aArte popularvExposiciones1 aMonteaux, Michel